| 000 | 00662nam a2200217Ia 4500 | ||
|---|---|---|---|
| 005 | 20260429112015.0 | ||
| 008 | 260429s9999||||xx |||||||||||||| ||und|| | ||
| 020 | _a9781032893006 | ||
| 041 | _aEnglish | ||
| 082 |
_a371.3 _bSON |
||
| 100 | _aSong, Yu | ||
| 245 | 0 |
_aEnhancing classroom dialogue productiveness : _bexploring the potential of artificial intelligence / _cYu Song |
|
| 250 | _a1st ed. | ||
| 260 |
_aNew Delhi : _bRoutledge, _c2025. |
||
| 300 | _axi, 161 p.; hb | ||
| 650 | _a Artificial intelligence in teaching | ||
| 650 | _a Dialogue in education | ||
| 650 | _a Educational technology | ||
| 650 | _aClassroom interaction | ||
| 942 | _cTB | ||
| 999 |
_c51855 _d51855 |
||